15 Most Famous Cities in Estonia on a Map - Statistics

General Stats
  • This quiz has been taken 218 times
  • The average score is 8 of 15
Answers on the Map
Answers color-coded by a green-red scale on the quiz's map according to % correct below.
 
Answer Stats
Wiki Monthly Views Cityquiz Mention Rate Population Answers % Correct
167.64K 45.04% 437.82K Tallinn
99%
39.36K 9.90% 95.19K Tartu
87%
29.07K 6.36% 53.95K Narva
76%
16.65K 4.06% 40.23K Pärnu
75%
8.10K 1.36% 13.03K Kuressaare
58%
4.44K 1.36% 12.01K Valga
50%
5.66K 0.59% 33.50K Kohtla-Järve
45%
6.63K 0.89% 17.25K Viljandi
45%
4.08K 1.17% 11.87K Võru
45%
6.45K 0.96% 9.60K Haapsalu
40%
5.75K 0.98% 15.14K Rakvere
40%
5.07K 0.41% 12.44K Sillamäe
36%
5.78K 0.51% 3.72K Paldiski
34%
4.10K 0.60% 7.93K Paide
33%
3.52K 0.44% 10.48K Jõhvi
31%
No matching quizzes found
Score Distribution
Percent of People with Each Score
Percentile by Number Answered
Your Score History
You have not taken this quiz